000 00988nam0a22002891 4500
001 rc\2141001
005 20260406085842.0
035 _a(NLR Aleph) 006631753
090 _a7557531
_c7557531
100 _a20110829d1978 |||y0rusy50 ca
101 0 _arus
102 _aRU
105 _ay z |||a|
200 1 _aРанняя тропа
_eСтихи
210 _aРостов-на-Дону
_cКн. изд-во
_d1978
215 _a29 с.
_d16
225 1 _aПервое слово
309 _aВложена с 4-мя др. кн. в обертку с загл.: Перекличка: Пять кн. стихов. [1]
517 0 _aПерекличка
700 1 _7ca
_8rus
_aКудрявцев
_bИ. Н.
_cпоэт
_f1944-
_gИгорь Николаевич
_92652404
_3RU\NLR\AUTH\770280437
801 0 _aRU
_bNLR
_gpsbo
801 1 _aRU
_bELAR
_2rusmarc
852 _aNLR
_j78-2/1875-1
899 _aRuMoRGB
_jБ 78-42/1191
899 _aRuMoRGB
_jБ 78-42/1192
942 _cBOOK
980 _aNB